Over/Under: Miscellaneous Quiz Stats

Quiz Updated Jul 17, 2013

Challenge
Share
Tweet
Embed
Score 0/24 Timer 03:00
4 Plays Today
Question and Number Actual is Over or Under % Correct
Deadly Sins: 11???
88.5%
Passengers, per year, through ATL: 3.3 mil.???
84.9%
Members of the 'Rat Pack': 9???
81.4%
College Board A.P. subjects: 45???
77.8%
Baskin Robbins original flavors: 21???
76.5%
Left-handed U.S. Pres. since WW2: 7???
75.7%
Chickens killed for food in 2009 (world): 3.1bil.???
75.6%
Years in a 'score': 25???
72%
States where Cardinal is state bird: 9???
66.7%
Children of Jim Bob & Michelle Duggar: 17???
64.8%
Nobel Prize categories: 10???
63%
Roller coasters at Cedar Point: 12???
62.3%
Question and Number Actual is Over or Under % Correct
Hard Rock Cafe Locations (world): 105???
61.4%
SSA Top 10's since 1951: Michael: 35???
61.4%
SSA Top 10's since 1951: Mary: 35???
59.5%
Official breeds of Amer. Kennel Club: 101???
56.7%
Jeopardy wins for Ken Jennings: 55???
56%
Facebook relationship statuses: 6???
55.4%
Times 'Canada' appears in 'O Canada': 6???
53%
All other U.S. executions in 2009: 26???
51.1%
Books in the U.S. Library of Congress: 100 mil.???
41.7%
Executions in Texas in 2009: 26???
38.6%
Companies of the Dow Jones Ind. Avg.: 50???
36.9%
McDonalds in the U.S.: 17,244???
25.4%

You're not logged in!

Compare scores with friends on all Sporcle quizzes.
Join for Free
OR
Log In

You Might Also Like...

Show Comments

Extras

Top Quizzes Today


Score Distribution

Your Account Isn't Verified!

In order to create a playlist on Sporcle, you need to verify the email address you used during registration. Go to your Sporcle Settings to finish the process.

Report this User

Report this user for behavior that violates our Community Guidelines.

Details: